Obálka Náhled e-knihy:
Epub
Pro půjčování e-knih musíte být přihlášeni.
Jak si půjčit online?

Haiku /

Druhá e-kniha haiku, v které se podobně, jako v předešlé e-knize, prostými slovy, ve třech řádcích, vyjadřuje k přírodě, k člověku a vesmírné kráse vůbec. Tentokrát slovensky.

Uloženo v:
Hlavní autor: Moon, Anna (Autor)
Médium: E-kniha
Jazyk:Czech
Vydáno: Praha : Tribun EU, 2019
Tagy:
Žádné tagy
LEADER 01070nam a22002297i 4500
001 311047
007 ta
008 260601s2019 xr ||||| |||| 00| 0 cze d
020 |a 9990001847968 
044 |a xr 
100 1 |a  Moon, Anna  |4 aut 
245 1 0 |a Haiku /  |c  Moon, Anna 
264 1 |a Praha :  |b Tribun EU,  |c 2019 
300 |a 1 online zdroj (70 stran) 
336 |a text  |b txt  |2 rdacontent 
337 |a bez média  |b n  |2 rdamedia 
338 |a online zdroj  |b cr  |2 rdacarrier 
520 2 |a Druhá e-kniha haiku, v které se podobně, jako v předešlé e-knize, prostými slovy, ve třech řádcích, vyjadřuje k přírodě, k člověku a vesmírné kráse vůbec. Tentokrát slovensky. 
910 |a RBIT002 
998 |d 184796  |a https://core.palmknihy.cz/api/books/184796/cover?pqpoqo  |b https://core.palmknihy.cz/api/books/184796/cover/400?pqpoqo  |c https://core.palmknihy.cz/api/books/184796/cover/50?pqpoqo  |e 2060-01-01  |g 70  |i 9990001847968  |j https://core.palmknihy.cz/api/books/184796/preview.epub  |l   |q 49  |r 1  |s https://www.palmknihy.cz/kniha/184796  |t ebook  |y 2019  |z 1 
999 |d 311045